Russia’s Interventions: Counterrevolutionary Power (Record no. 8629)

MARC details
000 -LEADER
fixed length control field 01555nam a22002897u 4500
001 - CONTROL NUMBER
control field pwiiw3788
003 - CONTROL NUMBER IDENTIFIER
control field OSt
005 - DATE AND TIME OF LATEST TRANSACTION
control field 20260516120057.0
008 - FIXED-LENGTH DATA ELEMENTS--GENERAL INFORMATION
fixed length control field 160208t2016 au ||||| |||| 00| ||eng d
040 ## - CATALOGING SOURCE
Transcribing agency OSt
041 ## - LANGUAGE CODE
Language code of text/sound track or separate title eng
084 ## - OTHER CLASSIFICATION NUMBER
Classification number N40
-- N43
-- N44
-- O14
-- F15
Number source jelc
100 1# - MAIN ENTRY--PERSONAL NAME
Personal name Gligorov, Vladimir
245 10 - TITLE STATEMENT
Title Russia’s Interventions: Counterrevolutionary Power
260 ## - PUBLICATION, DISTRIBUTION, ETC.
Place of publication, distribution, etc. Wien :
Name of publisher, distributor, etc. Wiener Institut für Internationale Wirtschaftsvergleiche (wiiw),
Date of publication, distribution, etc. 2016.
300 ## - PHYSICAL DESCRIPTION
Extent 27 S.,
Other physical details
Dimensions 30cm.
490 1# - SERIES STATEMENT
Series statement wiiw Essays and Occasional Papers
Volume/sequential designation 1
520 ## - SUMMARY, ETC.
Summary, etc. Abstract<br/><br/>The key point is about Russia, old and new, being a counterrevolutionary power: Russia’s post-Napoleonic War and moreover post-1848 policy was counterrevolutionary abroad and conservative, even when reformist, at home, as is Russia’s current post-Soviet, post-Cold War policy. However, while the current foreign policy end is Russian, the instruments of intervention, e.g. in Syria, are Soviet. The main difference as compared to both, Tsarist Russian and Soviet, is Russia’s lack of a universalistic ideological justification now, notwithstanding all the attempts to revive the ideology of the Russian cultural and civilisational exceptionalism to supress liberal changes at home, and for that reason also abroad.<br/>
650 ## - SUBJECT ADDED ENTRY--TOPICAL TERM
Topical term or geographic name entry element Russia
650 ## - SUBJECT ADDED ENTRY--TOPICAL TERM
Topical term or geographic name entry element foreign policy
650 ## - SUBJECT ADDED ENTRY--TOPICAL TERM
Topical term or geographic name entry element industrialisation
650 ## - SUBJECT ADDED ENTRY--TOPICAL TERM
Topical term or geographic name entry element EU
651 ## - SUBJECT ADDED ENTRY--GEOGRAPHIC NAME
Geographic name Russia
830 #0 - SERIES ADDED ENTRY--UNIFORM TITLE
Volume/sequential designation 1
Bibliographic record control number WIIW0000122
Title of a work wiiw Essays and Occasional Papers
856 40 - ELECTRONIC LOCATION AND ACCESS
Uniform Resource Identifier <a href="https://wiiw.ac.at/p-3788.html">https://wiiw.ac.at/p-3788.html</a>
942 ## - ADDED ENTRY ELEMENTS (KOHA)
Koha item type Paper
Holdings
Withdrawn status Lost status Damaged status Not for loan Home library Current library Shelving location Date acquired Inventory number Total Checkouts Barcode Date last seen Price effective from Koha item type
        WIIW WIIW Library 02/08/2016 pwiiw3788   1000010003788 02/08/2016 12/14/2018 Paper
The Vienna Instiute for International Economic Studies (wiiw)